| 000 | 00408nam a2200157Ia 4500 | ||
|---|---|---|---|
| 008 | 230917s9999||||xx |||||||||||||| ||und|| | ||
| 020 | _cRS0.35 | ||
| 040 |
_e12465 _aMAIN |
||
| 041 | _aEnglish | ||
| 082 | _a301.446 B268P | ||
| 100 | _aBarpujari, H K | ||
| 245 | 0 | _aProblem of the hill tribes: North-East Frontier Agency1843-72 | |
| 260 |
_aGowhati _bUnited _c1978 |
||
| 300 | _axv, 160 p. | ||
| 942 | _cBK | ||
| 999 |
_c192628 _d192628 |
||